Warkoczewska, Magdalena. Malarstwo i grafika epoki romantyzmu w Wielkopolsce. - Warszawa [u.a.] : PWN. - 1984 [Rezension]
| Titel: | Warkoczewska, Magdalena. Malarstwo i grafika epoki romantyzmu w Wielkopolsce. - Warszawa [u.a.] : PWN. - 1984 [Rezension] |
|---|---|
| Verfasser: | |
| In: |
Przegla̜d historyczny, Band 77, Heft 1 (1986), Seite 150-153 alle Artikel anzeigen |
| Veröffentlicht: | 1986 |
| Format: | Aufsatz |
| Sprache: | Polnisch |
X
alg: 39505544
001A $01999:12-11-16
001B $01999:04-08-21 $t21:03:22.000
001C $06050:14-11-16 $t07:18:09.000
001D $01999:12-11-16
001U $0utf8
001X $00
002@ $0Aox
003@ $039505544X
007A $039505544X $aHEB
007T $0Herdc0061154m
010@ $apol
011@ $a1986
021A $aWarkoczewska, Magdalena. Malarstwo i grafika epoki romantyzmu w Wielkopolsce. - Warszawa {[u.a.] : PWN. - 1984 [Rezension]
028A $71013448006 $8Molik, Witold$Z1949- [Tp1] $9268378479
031A $d77 $e1 $h150-153 $j1986
039B $aIn $8--Abvc--. Przegla̜d historyczny. - Warszawa : Wydawnictwo DiG, 1905-. - ISSN 0033-2186 $x198600000770001850 $9047456078
039T $8--Aar--Warkoczewska, Magdalena [Tnd]. Malarstwo i grafika epoki romantyzmu w Wielkopolsce. - Warszawa {[u.a.] : PWN, 1984. - 284 S.. - Ill.. - ISBN 83-01-04858-1 $9049038761
045F $a900.9438 $eDDC23BSB
045F/01 $a900
045F/03 $g438
045F/03 $g43849
045T $a7,41
lok: 39505544 78
exp: 39505544 78 1 #EPN
201B/01 $018-11-16 $t13:36:27.000
201U/01 $0utf8
203@/01 $0791354083
208@/01 $a12-11-16 $be
209A/01 $a/ $f000 $x00
220C/01 $aTitelaufnehmer: ej;ap
220C/01 $aHerkunft: HI Marburg
244Z/01 $2Trx $#Großpolen $#Greater Poland $#Velkopolsko $8--Trx--Wielkopolska $x01 $9391277227
244Z/01 $2Trx $#Poola $#Lenkija $#Polija $#Polen Land $#Poland $#Lengyelország $#Poľsko $#Polsko $8--Trx--Polska$gkraj $x02 $9391345966
244Z/01 $2Trx $#arvustused $#recenzijos $#Reviews $#recenziók $#recenzje $#recenzie $#recenze $8--Trx--Rezensionen $x03 $9391357441
247C/01 $82080>Marburg/Lahn, Herder-Institut, Forschungsbibliothek, Bibliographieportal $9336309341
| LEADER | 00000caa a22000002c 4500 | ||
|---|---|---|---|
| 001 | 39505544X | ||
| 003 | DE-603 | ||
| 005 | 20210804210322.0 | ||
| 007 | tu | ||
| 008 | 161112s1986 xx |||| | u00||u|pol c | ||
| 035 | |a (DE-599)HEB39505544X | ||
| 040 | |a DE-603 |b ger |c DE-603 |d DE-603 | ||
| 041 | |a pol | ||
| 082 | 0 | 4 | |8 1\u |a 900.9438 |q DE-101 |2 23/BSB |
| 084 | |a 7,41 |2 ssgn | ||
| 085 | |8 1\u |b 900 | ||
| 085 | |8 1\u |z 2 |s 438 | ||
| 085 | |8 1\u |z 2 |s 43849 | ||
| 100 | 1 | |a Molik, Witold |d 1949- |0 (DE-603)268378479 |0 (DE-588)1013448006 |2 gnd | |
| 245 | 0 | 0 | |a Warkoczewska, Magdalena. Malarstwo i grafika epoki romantyzmu w Wielkopolsce. - Warszawa [u.a.] : PWN. - 1984 [Rezension] |
| 264 | 0 | |c 1986 | |
| 773 | 0 | 8 | |i In |t Przegla̜d historyczny |d Warszawa : Wydawnictwo DiG, 1905- |x 0033-2186 |g Band 77, Heft 1 (1986), Seite 150-153 |w (DE-603)047456078 |w (DE-600)281539-4 |
| 787 | 0 | 8 | |i Rezension von |a Warkoczewska, Magdalena |t Malarstwo i grafika epoki romantyzmu w Wielkopolsce |d Warszawa [u.a.] : PWN, 1984 |h 284 S., Ill. |z 8301048581 |w (DE-603)049038761 |
| 924 | 0 | |9 2080 |a (DE-603)791354083 |b DE-2080 |c HES |d d |g / | |


